| 000 | 00620nam a2200229Ia 4500 | ||
|---|---|---|---|
| 003 | OSt | ||
| 005 | 20220918231016.0 | ||
| 006 | a|||||r|||| 00| 0 | ||
| 007 | ta | ||
| 008 | 220917b |||||||| |||| 00| 0 eng d | ||
| 024 | _a262,523 | ||
| 037 | _cTextual | ||
| 040 |
_aARTS _cARTS _beng |
||
| 041 |
_2eng _aeng |
||
| 082 | _aO15,3E60,1, L0 | ||
| 100 |
_aSoma deva _9153680 |
||
| 245 | 0 | _aKatha sarit sagar | |
| 260 |
_aDelhi _bMotilal Bnarshidas India _c1970 |
||
| 650 |
_aENGLISH LITERATURE; SANSKRIT _9153681 |
||
| 942 |
_hO15,3E60,1, L0 _cTEXL _2CC |
||
| 999 |
_c289589 _d289589 |
||